Pays ayant le plus de chevaux - Statistiques

Statistiques générales
  • Ce quiz a été pris 46 fois
    14 depuis la dernière actualisation
  • Le résultat moyen est 10 sur 22
Statistiques - réponses
Hint Réponse % Correct
1,6 M États-Unis
100%
5,7 M Brésil
77%
6,4 M Mexique
77%
2,6 M Argentine
62%
3,5 M Chine
62%
4,7 M Mongolie
62%
1,3 M Russie
62%
964 K Colombie
54%
751 K Pérou
54%
760 K Royaume-Uni
54%
4,4 M Kazakhstan
46%
410 K Uruguay
46%
516 K Bolivie
38%
524 K Venezuela
38%
570 K Cuba
31%
2,3 M Éthiopie
23%
645 K Mali
23%
599 K Sénégal
23%
796 K Tchad
23%
504 K Haïti
15%
553 K Kirghizistan
15%
444 K Sierra Leone
15%
Aucun quiz correspondant
Distribution des résultats
% des personnes avec chaque résultat
Percentile par nombre de réponses
Votre historique - résultats
Vous n’avez pas pris ce quiz depuis la dernière actualisation